1934 1683 1981 1595 1757 1840 1680 1721 1634 1388 1468 1067 1952 1965 1571 1264 1651 1866 1239 1216 1872 1950 1562 1867 1533 1773 1392 1684 1844 1117 1154 1919 1328 1437 1245 1562 1709 1668 1183 1466 1791 1716 1079 1525 1047 1337 1024 1007 1040 1920 1097 1402 1994 1076 1605 1893 1782 1578 1008 1784 1746 1257 1376 1123 1708 1702 1524 1611 1174 1696 1230 1175 1197 1874 1857 1261 1777 1373 1782 1569 1539 1294 1375 1581 1592 1329 1866 1834 1258 1268 1363 1717 1047 1293 1585 1318 1134 1186 1517 BCNSPRNW ULIB Ver.6.0+V

เปลี่ยนเป็นภาษาไทย

Change to English
 แสดงรายละเอียดบรรณานุกรม
  กลับหน้าหลัก

Brief Record : Get Marc (ISO 2709) : E-mail record : QR code < ปิดหน้าต่าง
LEADER : 00000nam 2200000uu 4500
001    13399121852
003     ULIB
008    121212s2552||||th 000 0 tha d
020    ^a9789742356750(ล.8)
060 04 ^aWO100^bพ291ศ ล.8
245 00 ^aศัลยศาสตร์ทั่วไป.^nเล่ม 8,^pHow I do it /^cคณะบรรณาธิการ,พรพรหม เมืองแมน ... [และคนอื่นๆ]
246 30 ^aศัลยศาสตร์ทั่วไป
246 30 ^aHow i do it
250    ^aพิมพ์ครั้งที่ 1
260    ^aกรุงเทพฯ :^bโฆษิตการพิมพ์,^c2552
300    ^a489 หน้า :^bภาพประกอบ ;^c22 ซม.
500    ^aหนังสือประกอบการประชุมวิชาการของสมาคมศัลยแพทย์ทั่วไปแห่งประเทศไทย ในพระบรมราชูปถัมภ์ ประจำปี 2552 ครั้งที่ 8เรื่อง " How I do it " วันที่ 16-18 พฤศจิกายน 2552 ณ อาคารเฉลิมพระบารมี 50 ปี
650  7 ^aศัลยศาสตร์
650  7 ^aศัลยกรรม^vรวมเรื่อง
653    ^aผลงานอาจารย์คณะแพทยศาสตร์ศิริราชพยาบาล
700 0  ^aพรพรหม เมืองแมน,^eบรรณาธิการ
945    ^p830^l0^i16641
945    ^p830^l0^i16642
995    ^aทศพร
999    ^aทศพร เกษรทอง
รายการนี้ยังไม่มีแท็ก
คุณยังไม่ได้ล็อกอิน คุณสามารถมีกิจกรรมร่วมกับเว็บไซต์ได้ แต่ต้องล็อกอินก่อน ::
  ล็อกอิน

รายการสื่อสารสนเทศ

ลำดับที่ ประเภท เลขเรียก/บาร์โค้ด สถานที่ สถานะ
- ไม่พบข้อมูล -

รายการใกล้เคียง
    หัวเรื่อง [ศัลยศาสตร์]

BibComment


ยังไม่เคยถูกคอมเมนท์

คอมเมนท์ทรัพยากรรายการนี้
  คอมเมนท์: ศัลยศาสตร์ทั่วไป..


 Copyright 2026. Bcnsprnw @Library